000 01470nam a2200289Ia 4500
003 PE SENCICO BE
005 20251020182433.0
008 200515s9999 xx 000 0 und d
020 _a978-84-459-0966-9
040 _aPE SENCICO BE
_cPE SENCICO BE
041 _aspa
082 _a749.1
_bG
245 1 0 _aGuía esencial del mueble :
_bestilos del siglo XVI al XXI /
_ceditor: David Dalmau
250 _a[1a ed.]
260 _aBarcelona :
_bLexus,
_c2019
300 _a239 páginas :
_bilustraciones a color, láminas ;
_c29 cm.
520 3 _aReune todo lo que hace falta saber sobre los muebles desde el siglo XVI hasta nuestros días. Se tratan todos los estilos: renacimiento, Carlos V y Felipe II, regencia, Luis XVI, Rococó, Imperial, Victoriano, Art Nouveau, Contemporáneo. Aparecen los principales países de Europa: Francia, Italia, España, Inglaterra, Alemania. Figuran los muebles que han reflejado la sociedad de cada época con los detalles que permiten la rigurosa identificación de cada estilo. El libro mas completo y actual con páginas ilustradas con dibujos y fotografías a color, que ofrece todo el saber sobre los estilos de los muebles.
650 1 0 _aMuebles clásicos
_9240
650 2 0 _aMuebles
_9239
650 2 0 _aDecoración de interiores
_925
650 2 0 _aHistoria
_9707
650 2 0 _aSillas
_91451
700 1 _91452
_aDalmau, David
_eeditor
710 1 _9326
_aLexus Editores
_eeditor
942 _cLIB
_2ddc
999 _c292
_d292